000 00576nam a2200229Ia 4500
003 OSt
005 20220924143241.0
006 a|||||r|||| 00| 0
007 ta
008 220923b |||||||| |||| 00| 0 ori d
024 _a307409
037 _cTextual
040 _aARTS
_cARTS
_bORI
041 _2ORI
_aORI
082 _aO1591,3NRA, K7
100 _aRath Jagan Nath
_9215185
245 0 _aGalpa Rahasya
260 _c1967
650 _aORIYA LITERATURE
_927692
942 _hO1591,3NRA, K7
_cTEXL
_2CC
999 _c453767
_d453767